Plant tissue culture, development and biotechnology /
Uložené v:
| Ďalší autori: | , |
|---|---|
| Médium: | Kniha |
| Jazyk: | English |
| Vydavateľské údaje: |
Boca Raton, FL
CRC Press
2011.
|
| Vydanie: | 1st ed. |
| Predmet: | |
| On-line prístup: | View in OPAC |
| Tagy: |
Žiadne tagy, Buďte prvý, kto otaguje tento záznam!
|
MARC
| LEADER | 00000cam a2200000 a 4500 | ||
|---|---|---|---|
| 005 | 20260127134025.0 | ||
| 008 | 120206s2011 flua b 001 0 eng | ||
| 010 | |a 2010-016264 | ||
| 020 | |a 9781420083262 (pbk. : alk. paper) | ||
| 035 | |a vtls010339873 | ||
| 039 | 9 | |y 201202061103 |z mschk03 | |
| 040 | |a DNAL/DLC |c DLC |d DLC |d STUSCHK1 | ||
| 042 | |a pcc | ||
| 070 | 0 | |a QK725 |b .P538 2010 | |
| 082 | 0 | 0 | |a 571.5/38 |2 22 |
| 245 | 0 | 0 | |a Plant tissue culture, development and biotechnology / |c edited by Robert N. Trigiano, Dennis J. Gray. |
| 250 | |a 1st ed. | ||
| 260 | |a Boca Raton, FL |b CRC Press |c 2011. | ||
| 300 | |a xviii, 583 p. |b ill. |c 26 cm. + |e CD-ROM (4 3/4 in.) | ||
| 504 | |a Includes bibliographical references and index. | ||
| 650 | 0 | |a Plant tissue culture. | |
| 650 | 0 | |a Plant tissue culture |v Laboratory manuals. | |
| 700 | 1 | |a Trigiano, R. N. |q (Robert Nicholas), |d 1953- | |
| 700 | 1 | |a Gray, Dennis J. |q (Dennis John), |d 1953- | |
| 906 | |a 7 |b cbc |c orignew |d 1 |e ecip |f 20 |g y-gencatlg | ||
| 910 | |a SCHK95 | ||
| 919 | |a 978-1-4200-8326-2 | ||
| 925 | 0 | |a acquire |b 2 shelf copies |d CIP copy to go to DNAL |x policy default | |
| 955 | |e xh10 2010-04-27 to Dewey |w rd11 2010-04-27 |f xh04 2011-06-22 Z-CipVer To BCCD |t xh04 2011-06-22 copy 2 added | ||
| 985 | |a NALCIP |d 2010-04-27 | ||
| 999 | |c 2292 |d 2292 | ||